01965nab a2200253uuc4500001000800000005001700008008004100025035001200066040001300078041000800091100003100099245012300130260001000253520107800263650002401341650001701365650002101382650003001403650003201433650004401465650004601509700004101555773011501596140961620240305090156.0150515s2014 spa  a1409616 ccomduadb aspa10aBlofield, Merike4auteaut10aTrabajo, familia y cambios en la política pública en América Latina : equidad, maternalismo y corresponsabilidad c2014.3 aRESUMEN: Teniendo como telón de fondo el aumento sustantivo de la participación laboral femenina en toda la región latinoamericana, en este artículo se caracterizan las políticas adoptadas para conciliar la vida familiar y laboral entre 2003 y 2013, así como las implicaciones del diseño de estas medidas para la equidad socio económica y de género. Se abordan los casos de la Argentina, el Brasil, Chile, Costa Rica y el Uruguay, cinco países de la región que, en función de sus trayectorias históricas, tienen las mejores condiciones relativas para ejecutar medidas que reorganicen tiempos, ingresos y servicios. El análisis empírico indica, primero, que estas transformaciones favorecieron más homogéneamente la equidad socio económica que la equidad de género. Segundo, se identificaron variaciones significativas entre países, tanto en la magnitud como en el tipo de cambio ocurrido. El trabajo concluye con interrogantes sustantivos respecto de las medidas, su implementación y efectividad, y las variaciones entre países. 7aVida familiar2lemb aVida laboral aAmérica Latina 7aTrabajo de la mujer2lemb 7aIgualdad de género2embne aDerechos de la mujer - América Latina 7aPolítica socialzAmérica Latina2lemb10aMartinez Franzoni, Juliana4auteaut0 tRevista de la Cepal (Santiago de Chile)gNúmero 114, Diciembre de 2014, p. 107-125w235972x0252-0257097465